Stolice państw członkowskich NATO - nagła śmierć - Statystyki

Ogólne statystyki
  • Ten quiz został rozwiązany 77 razy
  • Średni wynik to 12 z 32
Answers on the Grid
Answers color-coded by a green-red scale on the quiz's grid according to % correct below.
Amsterdam
Ankara
Ateny
Belgrad
Berlin
Berno
Bratysława
Bruksela
Budapeszt
Bukareszt
Dublin
Helsinki
Kijów
Kiszyniów
Kopenhaga
Lizbona
Londyn
Lublana
Luksemburg
Madryt
Mińsk
Moskwa
Nowy Jork
Oslo
Ottawa
Paryż
Podgorica
Praga
Reykjavik
Ryga
Rzym
Skopje
Sofia
Sztokholm
Tallin
Tbilisi
Tirana
Vaduz
Valletta
Warszawa
Waszyngton
Wiedeń
Wilno
Zagrzeb
 
Statystyki odpowiedzi
Odpowiedź % Poprawnych
Amsterdam
83%
Ateny
74%
Berlin
70%
Bruksela
70%
Bratysława
65%
Ankara
57%
Budapeszt
52%
Bukareszt
48%
Helsinki
43%
Paryż
43%
Londyn
39%
Praga
39%
Rzym
39%
Sztokholm
39%
Warszawa
39%
Wilno
39%
Ottawa
35%
Waszyngton
35%
Kopenhaga
30%
Lizbona
30%
Madryt
30%
Ryga
30%
Tallin
30%
Lublana
26%
Luksemburg
26%
Sofia
26%
Zagrzeb
22%
Oslo
17%
Reykjavik
17%
Podgorica
13%
Skopje
9%
Tirana
9%
Nie znaleziono quizów pasujących do podanych kryteriów
Rozkład punktacji
Procent ludzi z każdym wynikiem
Percentyl według liczby udzielonych odpowiedzi
Twoja historia wyników
Nie rozwiązałeś tego quizu